Coffee pulp: Composition technology and utilization (Record no. 36380)

MARC details
000 -LEADER
fixed length control field 00359nam a2200133Ia 4500
082 ## - DEWEY DECIMAL CLASSIFICATION NUMBER
Classification number 633.73:62
Item number BRA
100 ## - MAIN ENTRY--AUTHOR NAME
Personal name BRAHAM, J E
245 #0 - TITLE STATEMENT
Title Coffee pulp: Composition technology and utilization
260 ## - PUBLICATION, DISTRIBUTION, ETC. (IMPRINT)
Place of publication Canada
Name of publisher Inst of Nutrition
650 ## - SUBJECT ADDED ENTRY--TOPICAL TERM
Topical Term Coffee processing
700 ## - ADDED ENTRY--PERSONAL NAME
Personal name BRESSANI, R
942 ## - ADDED ENTRY ELEMENTS (KOHA)
Koha item type Books
Holdings
Withdrawn status Lost status Damaged status Not for loan Home library Current library Date acquired Full call number Accession Number Koha item type
        RRII Library RRII Library 16/12/2021 633.73:62 BRA 16787 Books